Amsterdam - Choix Multiples - Statistiques

Statistiques générales
  • Ce quiz a été pris 3 265 fois
    3 144 depuis la dernière actualisation
  • Le résultat moyen est 8 sur 10
Statistiques - réponses
Question Réponse % Correct
Pour quel mode de transport privilégié par ses habitants Amsterdam est-elle connue ? Le vélo
98%
Amsterdam est surnommée la Venise du Nord. D'où provient ce surnom ? Du grand nombre de canaux et ponts parcourant la ville
95%
Pourquoi le Quartier Rouge d'Amsterdam est-il réputé ? Sa prostitution légale
94%
Laquelle de ces personnes a écrit un célèbre Journal à Amsterdam ? Anne Frank
90%
Quelle fleur fut au cœur de la première bulle spéculative de l'Histoire en 1637, poussant le Parlement d'Amsterdam à annuler des centaines de contrats ? La tulipe
90%
Quel est le nom du célèbre club de football d'Amsterdam ? Ajax
88%
Par qui le port d'Amsterdam a-t-il été chanté ? Jacques Brel
80%
Quelle ville américaine portait autrefois le nom de Nouvelle-Amsterdam ? New York
71%
A laquelle de ces propositions le nom de la ville fait-il référence ? L'Amstel est le fleuve sur lequel elle se trouve
57%
Lequel de ces musées ne se trouve pas sur la Museumplein, la Plaine du Musée ?
49%
Aucun quiz correspondant
Distribution des résultats
% des personnes avec chaque résultat
Percentile par nombre de réponses
Votre historique - résultats
Vous n’avez pas pris ce quiz depuis la dernière actualisation